[Event "SVK-chT2D 2122"]
[Site "Slovakia"]
[Date "2021.10.16"]
[Round "1.3"]
[White "Kokavec, Andrej"]
[Black "Panko, Eduard1"]
[Result "0-1"]
[WhiteElo "1635"]
[BlackElo "2015"]
[PlyCount "66"]
[EventDate "2021.10.16"]
[EventType "team-tourn"]
[EventRounds "11"]
[EventCountry "SVK"]
[SourceTitle "EXT 2023"]
[Source "ChessBase"]
[SourceDate "2022.10.05"]
[SourceVersion "1"]
[SourceVersionDate "2022.10.05"]
[SourceQuality "1"]
[WhiteTeam "Kosice Slavia UPJS III"]
[BlackTeam "Stropkov/Svidnik"]
[WhiteTeamCountry "SVK"]
[BlackTeamCountry "SVK"]

1. d4 e6 2. Nf3 f5 3. g3 b6 4. Bg2 Bb7 5. 0-0 Nf6 6. c4 h6 7. Nc3 Bb4 8. Qd3 0-0 9. Ne5 Bxg2 10. Kxg2 Bxc3 11. bxc3 Qe8 12. c5 d6 13. cxd6 cxd6 14. Nc4 Qc6+ 15. f3 Rc8 16. Na3 Qxc3 17. Qxc3 Rxc3 18. Nb5 Rc2 19. Re1 d5 20. Bf4 Nbd7 21. Nc7 Rc8 22. Nxe6 Kf7 23. Nc7 R8xc7 24. Bxc7 Rxc7 25. Rec1 Rc4 26. Rxc4 dxc4 27. Rc1 b5 28. a4 a6 29. axb5 axb5 30. Rb1 c3 31. Rb3 Nd5 32. Rxb5 c2 33. Rxd5 Ke6 0-1